书目信息 |
| 题名: |
王进喜 —— 铁人是这样炼成的
|
|
| 作者: | 肖显志 著 | |
| 分册: | ||
| 出版信息: | 北京 党建读物出版社 2019.04 |
|
| 页数: | 186页 | |
| 开本: | 19cm | |
| 丛书名: | 中华人物故事汇 | |
| 单 册: | ||
| 中图分类: | K828.1=73 | |
| 科图分类: | ||
| 主题词: | 石油工业--shi you gong ye--先进工作者--生平事迹--中国--现代--青少年读物 | |
| 电子资源: | ||
| ISBN: | 978-7-5099-1079-5 | |
| 000 | 01206nam 2200265 450 | |
| 001 | 29958 | |
| 005 | 20221116175557.49 | |
| 010 | @a978-7-5099-1079-5@dCNY22.00 | |
| 100 | @a20190929d2019 cemy0chiy50 ea | |
| 101 | 0 | @achi |
| 102 | @aCN@b110000@aCN@b110000 | |
| 105 | @aa z 000yd | |
| 200 | 1 | @a王进喜 —— 铁人是这样炼成的@Awang jin xi —— tie ren shi zhe yang lian cheng de@f肖显志著 |
| 210 | @a北京@c党建读物出版社@a南宁@c接力出版社@d2019.04 | |
| 215 | @a186页@c图@d19cm | |
| 225 | 2 | @a中华人物故事汇@Azhong hua ren wu gu shi hui@i中华先锋人物故事汇@h第一辑 |
| 314 | @a肖显志, 中国作家协会会员、辽宁省儿童文学学会副会长等职。 | |
| 330 | @a本书是一部记录铁人王进喜事迹的传记小说。小说讲述了王进喜从下生时的“十斤娃”, 到6岁讨饭, 10岁给地主放牛, 15岁到玉门油矿做苦工直到解放, 成为新中国第一代钻井工人, 最后47岁病逝的感人故事。 | |
| 410 | 0 | @12001 @a中华人物故事汇@i中华先锋人物故事汇@h第一辑 |
| 600 | 0 | @a王进喜,@Awang jin xi@f1923-1970@x生平事迹@j青少年读物 |
| 606 | 0 | @a石油工业@Ashi you gong ye@x先进工作者@x生平事迹@y中国@z现代@j青少年读物 |
| 690 | @aK828.1=73@v5 | |
| 701 | 0 | @a肖显志@Axiao xian zhi@4著 |
| 801 | 0 | @aCN@c20220910 |
| 905 | @a河南城建学院图书馆@dK828.1=73@eX295@f2 | |
| 王进喜 —— 铁人是这样炼成的/肖显志著.-北京:党建读物出版社;南宁:接力出版社,2019.04 |
| 186页:图;19cm.-(中华人物故事汇.中华先锋人物故事汇.第一辑) |
| ISBN 978-7-5099-1079-5:CNY22.00 |
| 本书是一部记录铁人王进喜事迹的传记小说。小说讲述了王进喜从下生时的“十斤娃”, 到6岁讨饭, 10岁给地主放牛, 15岁到玉门油矿做苦工直到解放, 成为新中国第一代钻井工人, 最后47岁病逝的感人故事。 |
| ● |
| 相关链接 |
|
|
|
正题名:王进喜 —— 铁人是这样炼成的
索取号:K828.1=73/X295
 
预约/预借
| 序号 | 登录号 | 条形码 | 馆藏地/架位号 | 状态 | 备注 |
| 1 | 1584075 | 215840758 | 社科库309/309社科库 60排1列2层/ [索取号:K828.1=73/X295] | 在馆 | |
| 2 | 1584076 | 215840767 | 社科库309/309社科库 60排1列2层/ [索取号:K828.1=73/X295] | 在馆 |